Kulturképek

Bibliographic Details
Main Author: Bolanden, Konrad von, 1828-1920 (Author)
Format: Book
Language:English
PhysicalDescription:207 s.
Published: Pozsony T. Pelikán Krizsó 1898

MARC

LEADER 00000nam a2200000 a 4500
001 vtls009459773
003 SK-MaSNL
005 20260302043503.0
008 240318 000 0 eng
040 |a SNK  |b slo  |c SNK  |e AACR2 
100 1 |a Bolanden, Konrad von,  |d 1828-1920  |4 aut  |9 432297 
245 1 0 |a Kulturképek  |c Bolanden Konrád 
260 |a Pozsony  |b T. Pelikán Krizsó  |c 1898 
300 |a 207 s. 
999 |c 1086813  |d 1088743 
952 |a SNK  |b SNK  |y PREZ  |7 0  |p 17A0606772  |o snkSD 16740  |i snk601/59  |3 rekatalogizácia  |0 0  |1 0  |4 0  |d 2009-01-12  |l 0  |r 2025-12-01 00:00:00  |w 2026-02-24